Word Ladder: 1600 Quiz Stats

 Plays Quiz Updated Jan 9, 2012

     
Support Sporcle.
Go Orange.
Score 0/27 Timer 03:00
0 Plays Today
% Correct
•WING•
96.6%
LINT
94.2%
LENT
93.9%
MINT
91.9%
•ROOM•
91.2%
SHINE
91.1%
MING
91%
DORM
90.3%
PAST
88.1%
DO RE
87%
KENT
85.5%
KEPT
84.1%
WEPT
84%
REUSE
83.8%
% Correct
DOOM
83.2%
PORE
79.2%
•WEST•
72.2%
WHINE
71.7%
PARE
64.6%
PART
64%
SEINE
63%
ROUSE
57.2%
REUNE
54.5%
•EAST•
53.7%
REINE
51.6%
•HOUSE•
37.8%
•WHITE•
37.6%

Today's Daily Dose

Missing Word
SNL First Names

Word Ladder
Jewish Holidays

Quick Pick
2011 Events

Get the Picture
Border Landmarks

From the Vault

Hello, My Name Is...'L'

by googlebird

There are oddly no Elle's on this quiz.
Remove Ads.
Support Sporcle.
Get the best of Sporcle when you Go Orange. This ad-free experience offers more features, more stats, and more fun while also helping to support Sporcle. Thank you for becoming a member.

Show Comments

Extras

Top Quizzes Today


Score Distribution

Your Account Isn't Verified!

In order to create a playlist on Sporcle, you need to verify the email address you used during registration. Go to your Sporcle Settings to finish the process.

Report this User

Report this user for behavior that violates our Community Guidelines.

Details: